Childe Internationale
Guardat en:
| Autor principal: | |
|---|---|
| Format: | Llibre |
| Idioma: | anglès |
| Publicat: |
Fountain Publications,
1987.
|
| Etiquetes: |
Afegir etiqueta
Sense etiquetes, Sigues el primer a etiquetar aquest registre!
|
MARC
| LEADER | 00000nam a22000007a 4500 | ||
|---|---|---|---|
| 008 | 201217b ||||| |||| 00| 0 eng d | ||
| 020 | |a ISBN: 978-2679-12-7 | ||
| 100 | |a SOYINKA, Wole | ||
| 245 | |a Childe Internationale |c Wole Soyinka |g v, 26p. | ||
| 260 | |b Fountain Publications, |c 1987. |h Ibadan: |i 681088 |i 681089 |l PR9387.9 .So9 |m Nigeria – Social conditions – Fiction | ||
| 942 | |a lcc |c BK |e Olagoke,M A |f 17/12/2020 | ||
| 952 | |0 0 |1 0 |2 lcc |4 0 |6 PR93879 S O9 |7 0 |9 729 |a HOL |b AC |c LP |d 2020-12-17 |l 0 |o PR9387.9 .So9 |p 2020-229948 |r 2020-12-17 00:00:00 |w 2020-12-17 |y BK | ||
| 952 | |0 0 |1 0 |2 lcc |4 0 |6 PR93879 S O9 |7 0 |9 731 |a HOL |b HOL |c LP |d 2020-12-17 |l 0 |o PR9387.9 .So9 |p 2020-229949 |r 2020-12-17 00:00:00 |w 2020-12-17 |y BK | ||
| 999 | |c 414 |d 414 | ||